[Event "Rated Blitz game"]
[Site "?"]
[Date "2021.06.23"]
[Round "?"]
[White "YourDentist93"]
[Black "Razario90"]
[Result "1-0"]
[WhiteElo "2480"]
[BlackElo "2406"]
[PlyCount "57"]
[EventDate "2021.??.??"]
[EventType "blitz"]

1. e4 e5 2. Nf3 d5 3. Nxe5 dxe4 4. d4 exd3 5. Bxd3 Bd6 6. Qe2 Ne7 7. O-O O-O 8.
Nf3 Bf5 9. Bg5 Bxd3 10. Qxd3 Nbc6 11. Nc3 h6 12. Bh4 Qd7 13. Rad1 Qf5 14. Bg3
Bxg3 15. hxg3 Rad8 16. Qxf5 Nxf5 17. Nb5 a6 18. Nxc7 Nb4 19. c3 Nd3 20. b3 Rd7
21. Ne1 Rfd8 22. Nxd3 Rxd3 23. Rxd3 Rxd3 24. c4 Ne7 25. Re1 Kf8 26. f3 Rd7 27.
Na8 Nc8 28. c5 Rc7 29. Nxc7 {Normal} 1-0

[Event "Rated Blitz game"]
[Site "?"]
[Date "2021.06.23"]
[Round "?"]
[White "ehud50"]
[Black "annaly1979"]
[Result "1-0"]
[WhiteElo "2482"]
[BlackElo "2443"]
[PlyCount "107"]
[EventDate "2021.??.??"]
[EventType "blitz"]

1. e4 e5 2. Nf3 d5 3. Nxe5 Qe7 4. d4 f6 5. Nd3 Nc6 6. Be3 dxe4 7. Nf4 f5 8. h4
Nf6 9. c4 Qb4+ 10. Qd2 Qxd2+ 11. Nxd2 Bb4 12. O-O-O Bxd2+ 13. Rxd2 Bd7 14. Be2
O-O-O 15. a3 Rhe8 16. b4 Ne7 17. Kb2 Ba4 18. Rc1 g6 19. d5 Nd7 20. Ne6 Ne5 21.
Nxd8 Rxd8 22. b5 a6 23. Kc3 axb5 24. Kb4 c5+ 25. Bxc5 N7c6+ 26. Kc3 Na5 27. Bb6
Nb3 28. Bxd8 Nxc1 29. Bf6 Nxe2+ 30. Rxe2 Nxc4 31. Kd4 Kd7 32. Bg5 Nxa3 33. Bc1
Nc4 34. f3 Bd1 35. Re1 Bc2 36. fxe4 Bxe4 37. g4 Nd6 38. gxf5 Bxf5 39. Ba3 Nc4
40. Re7+ Kd8 41. Bb4 b6 42. Rxh7 Na5 43. Bxa5 bxa5 44. Kc5 Bd3 45. Kd6 Kc8 46.
Kc6 Kb8 47. Kb6 Kc8 48. Kxa5 g5 49. Rh8+ Kd7 50. hxg5 Kd6 51. Kb4 Ke5 52. Re8+
Kf5 53. d6 Kxg5 54. d7 {Normal} 1-0

[Event "Rated Blitz game"]
[Site "?"]
[Date "2021.06.23"]
[Round "?"]
[White "old_friend"]
[Black "khalid_ontawar"]
[Result "1-0"]
[WhiteElo "2427"]
[BlackElo "2476"]
[PlyCount "103"]
[EventDate "2021.??.??"]
[EventType "blitz"]

1. e4 e5 2. Nf3 d5 3. exd5 e4 4. Qe2 Nf6 5. Nc3 Bf5 6. d3 Bb4 7. Nd2 Bxc3 8.
bxc3 O-O 9. dxe4 Nxe4 10. Nxe4 Bxe4 11. c4 Re8 12. Be3 Qf6 13. Rd1 Nd7 14. Qd2
Re7 15. Qd4 Qg6 16. Bd3 Qxg2 17. Kd2 g6 18. Rhg1 Qf3 19. Rg3 Qf5 20. Bh6 f6 21.
Re1 Rae8 22. Rge3 Qxf2+ 23. R1e2 Qf5 24. Qxa7 b6 25. Qxc7 Nc5 26. Qf4 Qh5 27.
d6 Re5 28. d7 Nxd7 29. Rxe4 Kf7 30. Rxe5 Nxe5 31. h4 Rd8 32. Bg5 Rd6 33. Rxe5
h6 34. Bxf6 Rxf6 35. Qxf6+ Kxf6 36. Rxh5 gxh5 37. Ke3 Ke5 38. Kf3 Kd4 39. Kf4
Kc3 40. Kf5 Kb2 41. Kg6 Kxa2 42. Kxh5 Kb2 43. Kxh6 Kc3 44. Kg6 b5 45. cxb5 Kd4
46. h5 Ke3 47. h6 Kd2 48. h7 Kc3 49. h8=Q+ Kd2 50. Qd4 Kd1 51. c4 Kd2 52. Be4+
{Time forfeit} 1-0

[Event "Rated Blitz game"]
[Site "?"]
[Date "2021.06.23"]
[Round "?"]
[White "judineptune"]
[Black "KamranShirazi"]
[Result "0-1"]
[WhiteElo "2436"]
[BlackElo "2503"]
[PlyCount "58"]
[EventDate "2021.??.??"]
[EventType "blitz"]

1. e4 e5 2. Nf3 d5 3. exd5 e4 4. Qe2 Nf6 5. Nc3 Be7 6. Nxe4 Nxd5 7. d3 O-O 8.
g3 f5 9. Neg5 Bb4+ 10. c3 Re8 11. Ne5 Nxc3 12. bxc3 Bxc3+ 13. Bd2 Rxe5 14. Bxc3
Rxe2+ 15. Bxe2 Qxg5 16. O-O Nc6 17. Bf3 Bd7 18. Rfe1 Re8 19. Rxe8+ Bxe8 20. Re1
Bf7 21. Rb1 Nd8 22. Be5 c6 23. Bc7 Bd5 24. Bxd5+ cxd5 25. Bxd8 Qxd8 26. Rxb7
Qa5 27. Rb2 Qa3 28. Rd2 Qc3 29. Rd1 Qc2 {Normal} 0-1

[Event "Rated Blitz game"]
[Site "?"]
[Date "2021.06.23"]
[Round "?"]
[White "judineptune"]
[Black "KamranShirazi"]
[Result "1-0"]
[WhiteElo "2430"]
[BlackElo "2510"]
[PlyCount "29"]
[EventDate "2021.??.??"]
[EventType "blitz"]

1. e4 e5 2. Nf3 d5 3. Nc3 dxe4 4. Nxe4 f5 5. Nxe5 Qd4 6. Qh5+ g6 7. Nxg6 hxg6
8. Qxg6+ Kd8 9. Ng5 Nh6 10. Bb5 Qe5+ 11. Kd1 Qxb5 12. Qf6+ Kd7 13. Qxh8 Ke8 14.
Re1+ Kd7 15. Qxf8 {Normal} 1-0

[Event "Rated Blitz game"]
[Site "?"]
[Date "2021.06.23"]
[Round "?"]
[White "Jadoubovic11"]
[Black "ahoramahora"]
[Result "0-1"]
[WhiteElo "2421"]
[BlackElo "2351"]
[PlyCount "63"]
[EventDate "2021.??.??"]
[EventType "blitz"]

1. e4 e5 2. Nf3 d5 3. exd5 e4 4. Qe2 Nf6 5. d3 Qxd5 6. Nfd2 Bb4 7. c3 Be7 8.
Nxe4 O-O 9. Bf4 Nc6 10. Nbd2 Bg4 11. f3 Be6 12. Nc4 Rac8 13. g4 Rfd8 14. Rd1 b5
15. Ne3 Qd7 16. a3 a5 17. h4 h5 18. g5 Nd5 19. Nxd5 Qxd5 20. Bh3 Bxh3 21. Rxh3
Qf5 22. Qh2 b4 23. axb4 axb4 24. Qg3 bxc3 25. bxc3 Ra8 26. Rh2 Rdb8 27. Rg2 g6
28. Bxc7 Rb3 29. Bf4 Rba3 30. Bd2 Ne5 31. d4 Nxf3+ 32. Ke2 {Normal} 0-1

[Event "Rated Blitz game"]
[Site "?"]
[Date "2021.06.23"]
[Round "?"]
[White "Stefanbjorklund"]
[Black "GrandeGila"]
[Result "0-1"]
[WhiteElo "2351"]
[BlackElo "2555"]
[PlyCount "39"]
[EventDate "2021.??.??"]
[EventType "blitz"]

1. e4 e5 2. Nf3 d5 3. exd5 e4 4. Nd4 Qxd5 5. Nb3 Bd6 6. Nc3 Qe5 7. Be2 Nc6 8.
d3 exd3 9. Qxd3 Bf5 10. Qb5 O-O-O 11. Qxe5 Nxe5 12. Bf4 Bxc2 13. Nb5 Bb4+ 14.
Nd2 Ng6 15. Be3 a6 16. Na3 Bd3 17. Rc1 Nf6 18. Bxd3 Rxd3 19. Ke2 Rhd8 20. Nac4
{Normal} 0-1

[Event "Rated Blitz game"]
[Site "?"]
[Date "2021.06.23"]
[Round "?"]
[White "Lukos50"]
[Black "lavilaine"]
[Result "1-0"]
[WhiteElo "2436"]
[BlackElo "2382"]
[PlyCount "79"]
[EventDate "2021.??.??"]
[EventType "blitz"]

1. e4 e5 2. Nf3 d5 3. d4 dxe4 4. Nxe5 Bd6 5. Bc4 Bxe5 6. dxe5 Qxd1+ 7. Kxd1 Nc6
8. Bb5 Bg4+ 9. Ke1 O-O-O 10. Nc3 Nxe5 11. Bf4 Ng6 12. Bg5 f6 13. Be3 f5 14.
Bxa7 Nf6 15. h3 Bh5 16. Be3 f4 17. Bd2 Rxd2 18. Kxd2 Rd8+ 19. Ke1 Nh4 20. g4
fxg3 21. fxg3 Bf3 22. Rf1 Ng2+ 23. Kf2 Rd2+ 24. Be2 Nd5 25. Rfd1 Nxc3 26. Rxd2
e3+ 27. Kxf3 exd2 28. Kxg2 Nxe2 29. Rd1 Nc1 30. Rxd2 Nxa2 31. c3 Nc1 32. Kf3
Nb3 33. Rd5 b6 34. Rf5 g6 35. Rf7 Nd2+ 36. Ke2 Nc4 37. b4 h5 38. Rg7 Ne5 39.
Ke3 Kb7 40. Ke4 {Time forfeit} 1-0

[Event "Rated Blitz game"]
[Site "?"]
[Date "2021.06.23"]
[Round "?"]
[White "orishuas"]
[Black "KamranShirazi"]
[Result "1-0"]
[WhiteElo "2365"]
[BlackElo "2554"]
[PlyCount "83"]
[EventDate "2021.??.??"]
[EventType "blitz"]

1. e4 e5 2. Nf3 d5 3. exd5 e4 4. Ne5 Qxd5 5. Nc4 Nf6 6. Nc3 Qd8 7. d3 Bb4 8.
Bg5 h6 9. Bxf6 Qxf6 10. Qd2 exd3 11. Bxd3 O-O 12. O-O Bxc3 13. bxc3 Nc6 14.
Rfe1 Be6 15. Rab1 Rad8 16. Qe2 Bxc4 17. Bxc4 Qxc3 18. Rb3 Qd4 19. Rxb7 Na5 20.
Rxc7 Nxc4 21. Qxc4 Qf6 22. Rxa7 Rd2 23. Qc5 Kh7 24. Qe3 Rfd8 25. h3 Rxc2 26.
Qe4+ Qg6 27. Rxf7 Rxa2 28. Qxg6+ Kxg6 29. Ree7 Rg8 30. Rf3 Kh7 31. h4 Ra4 32.
g3 Ra6 33. Kg2 Rg6 34. Kh3 Rb8 35. h5 Rg5 36. g4 Rb4 37. Rg3 Rf4 38. Re2 Rb5
39. Kg2 Rbb4 40. f3 Rbd4 41. Kf2 Rd3 42. Rc2 {Time forfeit} 1-0

[Event "Rated Blitz game"]
[Site "?"]
[Date "2021.06.23"]
[Round "?"]
[White "inancvefa13"]
[Black "magos33"]
[Result "1/2-1/2"]
[WhiteElo "2401"]
[BlackElo "2373"]
[PlyCount "85"]
[EventDate "2021.??.??"]
[EventType "blitz"]

1. e4 e5 2. Nf3 d5 3. exd5 e4 4. Qe2 Nf6 5. Nc3 Be7 6. Nxe4 O-O 7. d3 Re8 8.
Be3 Nxd5 9. g3 f5 10. Nc3 Bb4 11. Qd2 Qf6 12. d4 f4 13. gxf4 Qxf4 14. Ne5 Nxe3
15. fxe3 Qh4+ 16. Qf2 Bxc3+ 17. bxc3 Qxf2+ 18. Kxf2 Be6 19. c4 c5 20. Bd3 Rf8+
21. Ke2 Nd7 22. Nxd7 Bxd7 23. Rhf1 Bh3 24. Rxf8+ Rxf8 25. Rg1 b6 26. Rg3 Be6
27. a4 Rc8 28. d5 Bd7 29. e4 Re8 30. Kd2 Bxa4 31. h4 Re5 32. Rg5 Rxg5 33. hxg5
h5 34. e5 Kf8 35. Ke3 Ke7 36. Kf4 Be8 37. g6 a5 38. d6+ Kd7 39. Bf5+ Kc6 40.
Be4+ Kd7 41. Bf5+ Kc6 42. Be4+ Kd7 43. Bf5+ {Normal} 1/2-1/2

[Event "Rated Blitz game"]
[Site "?"]
[Date "2021.06.23"]
[Round "?"]
[White "nvrplaykingsindian"]
[Black "qnefe"]
[Result "0-1"]
[WhiteElo "2334"]
[BlackElo "2404"]
[PlyCount "121"]
[EventDate "2021.??.??"]
[EventType "blitz"]

1. e4 e5 2. Nf3 d5 3. exd5 e4 4. Ne5 Qxd5 5. d4 exd3 6. Nxd3 Nf6 7. Nc3 Qd8 8.
Be2 Bd6 9. O-O O-O 10. Bf3 Nc6 11. Re1 Nd4 12. Bg5 h6 13. Bh4 Bf5 14. Bxb7 Rb8
15. Bf3 Nxc2 16. Qxc2 Bxd3 17. Qa4 Rxb2 18. Nd5 g5 19. Nxf6+ Qxf6 20. Bg3 Bxg3
21. hxg3 Qb6 22. Rad1 Qxf2+ 23. Kh1 Bg6 24. Rf1 Qxg3 25. Qxa7 c5 26. a4 c4 27.
a5 c3 28. Qd4 Qh4+ 29. Qxh4 gxh4 30. Ra1 c2 31. a6 Bd3 32. Rfe1 Rb1 33. Raxb1
cxb1=Q 34. Rxb1 Bxb1 35. a7 Kg7 36. a8=Q Rxa8 37. Bxa8 f5 38. Kh2 Kf6 39. Kh3
Kg5 40. Bb7 Be4 41. Bc8 h5 42. Bd7 Bd3 43. Kh2 Kg4 44. Bc8 Be2 45. Bd7 Bf1 46.
Bc8 Bd3 47. Bd7 Be4 48. Bc8 Kg5 49. Bd7 Kf4 50. Bc8 Ke3 51. Bd7 Kf4 52. Be8 Kg5
53. Bd7 Bd3 54. Bc8 Be2 55. Bd7 Bg4 56. Bc6 f4 57. Bd5 h3 58. gxh3 Bf5 59. Bf3
Kh4 60. Bg2 Bd3 61. Bf3 {Normal} 0-1

[Event "Rated Blitz game"]
[Site "?"]
[Date "2021.06.23"]
[Round "?"]
[White "Jadoubovic11"]
[Black "ahoramahora"]
[Result "1-0"]
[WhiteElo "2411"]
[BlackElo "2361"]
[PlyCount "31"]
[EventDate "2021.??.??"]
[EventType "blitz"]

1. e4 e5 2. Nf3 d5 3. exd5 e4 4. Qe2 Nf6 5. d3 Qxd5 6. Nfd2 Bf5 7. Nc3 Qa5 8.
dxe4 Bg4 9. f3 Bh5 10. Nc4 Qa6 11. Bd2 Bb4 12. a3 O-O 13. O-O-O Nc6 14. axb4
Nxb4 15. Na3 Rad8 16. Qxa6 {Normal} 1-0

[Event "Rated Blitz game"]
[Site "?"]
[Date "2021.06.23"]
[Round "?"]
[White "Alfaray03"]
[Black "pasha1984"]
[Result "1-0"]
[WhiteElo "2370"]
[BlackElo "2425"]
[PlyCount "100"]
[EventDate "2021.??.??"]
[EventType "blitz"]

1. e4 e5 2. Nf3 d5 3. exd5 e4 4. Qe2 Nf6 5. d3 Qxd5 6. dxe4 Nxe4 7. Nc3 Bb4 8.
Bd2 Bxc3 9. Bxc3 O-O 10. Rd1 Nxc3 11. bxc3 Qxa2 12. Qd2 Nc6 13. Bd3 Bg4 14. O-O
Bxf3 15. gxf3 Rad8 16. Rb1 b6 17. Qf4 Qe6 18. Kh1 Ne5 19. Be4 f5 20. Bb7 Qd6
21. Ba6 Ng6 22. Bc4+ Kh8 23. Qg5 Qf4 24. Qxf4 Nxf4 25. Rbd1 g6 26. Kg1 Kg7 27.
h4 Kf6 28. Kh2 c5 29. Kg3 Nh5+ 30. Kh3 Nf4+ 31. Kg3 Nh5+ 32. Kh3 h6 33. Ba6
Rfe8 34. Kg2 Nf4+ 35. Kg3 Nd5 36. Rd3 Nc7 37. Bb7 Rxd3 38. cxd3 Rd8 39. Rd1 Nb5
40. c4 Nd6 41. Bd5 Nf7 42. Ra1 Rd7 43. f4 b5 44. Ra6+ Kg7 45. Rc6 b4 46. Rxc5
Nd6 47. Ra5 Rd8 48. c5 Ne8 49. Rxa7+ Kh8 50. Bc4 Rb8 {Normal} 1-0

[Event "Rated Blitz game"]
[Site "?"]
[Date "2021.06.23"]
[Round "?"]
[White "Ally_Mayfair"]
[Black "BelleTanukiYsa"]
[Result "1/2-1/2"]
[WhiteElo "2374"]
[BlackElo "2535"]
[PlyCount "48"]
[EventDate "2021.??.??"]
[EventType "blitz"]

1. e4 e5 2. Nf3 d5 3. Nxe5 Nf6 4. exd5 Qxd5 5. d4 Nc6 6. Be3 Nxe5 7. dxe5 Qxe5
8. Nc3 Bc5 9. Qd2 Bg4 10. Bb5+ c6 11. Be2 Rd8 12. Qc1 Bxe2 13. Nxe2 Ng4 14.
Bxc5 Qxc5 15. O-O h5 16. Nc3 Qd6 17. Re1+ Kf8 18. g3 Qc5 19. Qf4 g5 20. Qf3 Kg7
21. Ne4 Qe5 22. Nc3 Qc5 23. Ne4 Qe5 24. Nc3 Qc5 {Normal} 1/2-1/2

[Event "Rated Blitz game"]
[Site "?"]
[Date "2021.06.23"]
[Round "?"]
[White "guitargirl"]
[Black "tactinhos2900"]
[Result "0-1"]
[WhiteElo "2236"]
[BlackElo "2606"]
[PlyCount "40"]
[EventDate "2021.??.??"]
[EventType "blitz"]

1. e4 e5 2. Nf3 d5 3. Nxe5 Bd6 4. d4 dxe4 5. Bc4 Bxe5 6. dxe5 Qxd1+ 7. Kxd1 Nc6
8. Bf4 Nge7 9. Nc3 Ng6 10. Bg3 Ngxe5 11. Bd5 Bg4+ 12. Kc1 O-O-O 13. Bxe4 Rhe8
14. f3 Bh5 15. b3 Bg6 16. Kb2 f5 17. Bd5 Nb4 18. Bc4 Nxc4+ 19. bxc4 Rd2 20. Bf4
Nd3+ {Normal} 0-1

[Event "Rated Blitz game"]
[Site "?"]
[Date "2021.06.23"]
[Round "?"]
[White "peaudepaillator"]
[Black "KamranShirazi"]
[Result "1-0"]
[WhiteElo "2501"]
[BlackElo "2505"]
[PlyCount "95"]
[EventDate "2021.??.??"]
[EventType "blitz"]

1. e4 e5 2. Nf3 d5 3. exd5 e4 4. Qe2 Nf6 5. d3 Bb4+ 6. Nbd2 O-O 7. dxe4 Re8 8.
c3 Bc5 9. Qc4 Nbd7 10. Bd3 b5 11. Qb3 c6 12. O-O cxd5 13. exd5 a6 14. a4 bxa4
15. Rxa4 Bxf2+ 16. Rxf2 Nc5 17. Qc2 Nxa4 18. Qxa4 Nxd5 19. Ne4 Bd7 20. Qc2 Bb5
21. Neg5 Bxd3 22. Qxd3 g6 23. Bd2 h6 24. Ne4 f5 25. Qxd5+ Qxd5 26. Nf6+ Kf7 27.
Nxd5 Rad8 28. c4 Re4 29. b3 Rb8 30. Bxh6 Rxb3 31. Ng5+ Ke8 32. Nxe4 fxe4 33.
Rf6 e3 34. Re6+ Kd7 35. Rxe3 Rb2 36. Bf4 a5 37. Ra3 Rc2 38. Rxa5 g5 39. Bxg5
Kc6 40. h4 Rxc4 41. h5 Rg4 42. Bf4 Rh4 43. h6 Kb7 44. g3 Rh5 45. Rc5 Ka8 46.
Rc8+ Ka7 47. Rd8 Kb7 48. Nf6 {Time forfeit} 1-0

[Event "Rated Blitz game"]
[Site "?"]
[Date "2021.06.23"]
[Round "?"]
[White "TrispiosReturns"]
[Black "olarovfan"]
[Result "1/2-1/2"]
[WhiteElo "2573"]
[BlackElo "2583"]
[PlyCount "149"]
[EventDate "2021.??.??"]
[EventType "blitz"]

1. e4 e5 2. Nf3 d5 3. exd5 e4 4. Qe2 Nf6 5. Nc3 Qe7 6. Ng5 Bf5 7. f3 exf3 8.
Qxe7+ Bxe7 9. Nxf3 Bb4 10. Nd4 Bg6 11. Bc4 Nbd7 12. d3 O-O-O 13. O-O Bc5 14.
Nce2 Nb6 15. Kh1 Nxc4 16. dxc4 c6 17. Nb3 Be7 18. dxc6 bxc6 19. Be3 Bxc2 20.
Bxa7 Bd3 21. Rfe1 Bxc4 22. Nc3 Bb4 23. Bc5 Bxc3 24. bxc3 Rhe8 25. Bd4 Rxe1+ 26.
Rxe1 Re8 27. Rxe8+ Nxe8 28. Kg1 f6 29. Kf2 Nd6 30. g4 Be6 31. Kg3 Ne4+ 32. Kf4
Bxb3 33. axb3 Nd2 34. b4 Kd7 35. h4 Ke6 36. Ke3 Nc4+ 37. Ke4 g6 38. h5 g5 39.
Kf3 f5 40. gxf5+ Kxf5 41. Kg3 g4 42. Bc5 Nd2 43. Kf2 Ne4+ 44. Ke3 Nxc5 45. bxc5
Kg5 46. Ke4 g3 47. Kf3 Kh4 48. Kg2 Kg4 49. h6 Kf4 50. c4 Kg4 51. Kg1 Kg5 52.
Kg2 Kxh6 53. Kxg3 Kg6 54. Kg4 h5+ 55. Kh4 Kh6 56. Kh3 Kg5 57. Kg3 Kf5 58. Kh4
Ke4 59. Kxh5 Kd4 60. Kg4 Kxc5 61. Kf3 Kxc4 62. Ke2 Kc3 63. Kd1 Kb2 64. Kd2 c5
65. Kd3 Kb3 66. Kd2 c4 67. Kc1 Kc3 68. Kb1 Kd2 69. Kb2 c3+ 70. Kb3 c2 71. Kb4
c1=Q 72. Ka5 Qc7+ 73. Ka6 Qb8 74. Ka5 Kc3 75. Ka4 {Time forfeit} 1/2-1/2

[Event "Rated Blitz game"]
[Site "?"]
[Date "2021.06.23"]
[Round "?"]
[White "Mistango"]
[Black "annaly1979"]
[Result "1-0"]
[WhiteElo "2555"]
[BlackElo "2433"]
[PlyCount "43"]
[EventDate "2021.??.??"]
[EventType "blitz"]

1. e4 e5 2. Nf3 d5 3. exd5 e4 4. Ne5 f5 5. d4 Nf6 6. c4 b6 7. f4 exf3 8. Qxf3
Bd6 9. Bd3 O-O 10. O-O Nbd7 11. Nc6 Qe8 12. Bxf5 Bb7 13. Nc3 g6 14. Be6+ Kg7
15. Qh3 h5 16. Bg5 Bc8 17. Rae1 Nh7 18. Qe3 Ndf6 19. Bh6+ Kh8 20. Ne5 Bxe6 21.
Bxf8 Qxf8 22. Nxg6+ {Normal} 1-0

[Event "Rated Blitz game"]
[Site "?"]
[Date "2021.06.23"]
[Round "?"]
[White "simplesimpson03"]
[Black "pasha1984"]
[Result "1-0"]
[WhiteElo "2393"]
[BlackElo "2411"]
[PlyCount "125"]
[EventDate "2021.??.??"]
[EventType "blitz"]

1. e4 e5 2. Nf3 d5 3. exd5 e4 4. Qe2 Nf6 5. d3 Qxd5 6. Nc3 Bb4 7. dxe4 Bxc3+ 8.
bxc3 Qxe4 9. Bb2 Nc6 10. Qxe4+ Nxe4 11. Bd3 Nc5 12. O-O O-O 13. Ba3 b6 14. Bxc5
bxc5 15. Be4 Bd7 16. Rad1 Be8 17. Ne5 Nxe5 18. Bxa8 Bb5 19. Rfe1 f6 20. Bd5+
Kh8 21. f4 Ng6 22. g3 h5 23. c4 Ba4 24. Rd2 h4 25. Be4 Kh7 26. gxh4 Kh6 27.
Bxg6 Kxg6 28. Kf2 Rh8 29. Kg3 Rb8 30. Re7 Rb4 31. Rxc7 Rxc4 32. Rxa7 Rc3+ 33.
Kg2 Bb5 34. h5+ Kh6 35. Rc7 c4 36. Rc5 Ba6 37. a4 Re3 38. a5 Re4 39. Kf3 Bb7
40. Kg4 Re3 41. Rxc4 Bf3+ 42. Kg3 Bxh5+ 43. Kf2 Rf3+ 44. Kg2 Ra3 45. Rc5 Bf3+
46. Kf2 Be4 47. c3 f5 48. Rb2 Kh5 49. Ke3 Kg4 50. Kd4 Kxf4 51. Rf2+ Kg5 52. Re2
Ra4+ 53. Ke5 Kg4 54. Kd6 g5 55. Kc7 Kf3 56. Rb2 g4 57. Kb6 f4 58. a6 g3 59.
hxg3 fxg3 60. Rg5 Rc4 61. a7 Rxc3 62. Re5 Ra3 63. Re7 {Time forfeit} 1-0

[Event "Rated Blitz game"]
[Site "?"]
[Date "2021.06.23"]
[Round "?"]
[White "hectordetroya"]
[Black "khalid_ontawar"]
[Result "1-0"]
[WhiteElo "2509"]
[BlackElo "2491"]
[PlyCount "115"]
[EventDate "2021.??.??"]
[EventType "blitz"]

1. e4 e5 2. Nf3 d5 3. d3 dxe4 4. dxe4 Qxd1+ 5. Kxd1 Bg4 6. Be2 Bxf3 7. Bxf3 Nc6
8. c3 Bd6 9. Kc2 Nge7 10. Nd2 O-O 11. Nc4 Rad8 12. Be3 b5 13. Nxd6 Rxd6 14. a4
a6 15. axb5 axb5 16. Ra6 Rfd8 17. Rha1 h6 18. Ra8 Kh7 19. Rxd8 Rxd8 20. Ra6 Rd6
21. Be2 Nd4+ 22. Bxd4 Rxa6 23. Bxe5 c6 24. Bd6 Ng6 25. f4 Ra1 26. f5 Nh4 27. g3
Ng2 28. Bf3 Ne3+ 29. Kd3 Nf1 30. g4 Rb1 31. Kc2 Ra1 32. e5 Nxh2 33. Bxc6 Nxg4
34. Bxb5 Ne3+ 35. Kb3 Nxf5 36. Bd3 g6 37. c4 Rd1 38. Kc2 Ra1 39. b4 h5 40. b5
h4 41. b6 Ra2+ 42. Kb3 Rd2 43. Bxf5 gxf5 44. b7 Rd1 45. Kc2 Rg1 46. b8=Q h3 47.
Qf8 h2 48. Qxf7+ Kh6 49. Bf8+ Kg5 50. Qf6+ Kg4 51. Qg6+ Kh3 52. Qxf5+ Kg2 53.
Qg4+ Kf2 54. Bc5+ Kf1 55. Qh3+ Rg2+ 56. Qxg2+ Kxg2 57. e6 h1=Q 58. e7 {Time
forfeit} 1-0

[Event "Rated Blitz game"]
[Site "?"]
[Date "2021.06.23"]
[Round "?"]
[White "Lantori"]
[Black "khalid_ontawar"]
[Result "0-1"]
[WhiteElo "2493"]
[BlackElo "2469"]
[PlyCount "94"]
[EventDate "2021.??.??"]
[EventType "blitz"]

1. e4 e5 2. Nf3 d5 3. exd5 e4 4. Qe2 Nf6 5. d3 Bf5 6. Nbd2 Qxd5 7. Nh4 Nbd7 8.
Nxf5 Qxf5 9. dxe4 Qe6 10. Qc4 Qb6 11. Qb3 O-O-O 12. Qxb6 axb6 13. f3 Bc5 14.
Be2 Rhe8 15. Nb3 Nxe4 16. fxe4 Rxe4 17. Nxc5 Nxc5 18. Kf1 Rd6 19. Bf3 Red4 20.
Be3 Rc4 21. Bxc5 Rxc5 22. c3 Rd2 23. Rb1 f5 24. h4 h6 25. Rh3 Rb5 26. Rg3 g5
27. hxg5 hxg5 28. Rxg5 Rbxb2 29. Rxb2 Rxb2 30. Bd5 Rc2 31. Rg3 Kd7 32. Bb3 Rc1+
33. Ke2 Kd6 34. Kd2 Rg1 35. Rg7 b5 36. Ke3 c5 37. c4 bxc4 38. Bxc4 Rc1 39. Kd3
Rb1 40. a4 b6 41. Rg6+ Ke5 42. Rxb6 Rxb6 43. a5 Rb4 44. a6 Ra4 45. Bb5 Ra2 46.
Kc4 Kd6 47. g3 Ra3 {Normal} 0-1

[Event "Rated Blitz game"]
[Site "?"]
[Date "2021.06.23"]
[Round "?"]
[White "CACHS"]
[Black "KamranShirazi"]
[Result "0-1"]
[WhiteElo "2524"]
[BlackElo "2539"]
[PlyCount "108"]
[EventDate "2021.??.??"]
[EventType "blitz"]

1. e4 e5 2. Nf3 d5 3. Nxe5 Bd6 4. d4 dxe4 5. Be2 Bxe5 6. dxe5 Qxd1+ 7. Bxd1 Nc6
8. Bf4 Nge7 9. Nc3 Bf5 10. g4 Be6 11. Nxe4 Ng6 12. Bg3 Ngxe5 13. h3 f5 14. Nc5
Bd5 15. O-O O-O-O 16. f4 Nc4 17. gxf5 Nxb2 18. Be2 Nd4 19. Bd3 Nxd3 20. Nxd3
Nxf5 21. Bf2 b6 22. a4 Bc4 23. a5 Kb7 24. axb6 axb6 25. Ra3 Bxd3 26. cxd3 Rhe8
27. Rc1 Re2 28. Rac3 Rd7 29. Kf1 Rd2 30. Kg2 R2xd3 31. Rc4 Rd2 32. Kf3 g6 33.
h4 h5 34. R4c3 R7d3+ 35. Rxd3 Rxd3+ 36. Ke4 Rd6 37. Ke5 c5 38. Rb1 Kc6 39. Rb2
b5 40. Rc2 Rd5+ 41. Kf6 Rd6+ 42. Kg5 Nd4 43. Bxd4 Rxd4 44. Kxg6 Rxf4 45. Kxh5
b4 46. Kg5 Rf8 47. h5 Kb5 48. h6 c4 49. h7 b3 50. Rg2 Rh8 51. Kg6 c3 52. Rg3
Kb4 53. Rg4+ Ka3 54. Kg7 Rxh7+ {Normal} 0-1

[Event "Rated Blitz game"]
[Site "?"]
[Date "2021.06.23"]
[Round "?"]
[White "WhisperingXylophone"]
[Black "annaly1979"]
[Result "1-0"]
[WhiteElo "2589"]
[BlackElo "2419"]
[PlyCount "63"]
[EventDate "2021.??.??"]
[EventType "blitz"]

1. e4 e5 2. Nf3 d5 3. Nc3 dxe4 4. Nxe4 f5 5. Nc3 e4 6. Qe2 Nf6 7. d3 Bb4 8. Bg5
Bxc3+ 9. bxc3 O-O 10. Nd4 c5 11. Nb3 Be6 12. O-O-O Qc7 13. Bxf6 Rxf6 14. dxe4
Nc6 15. Nxc5 Bxa2 16. Qb5 b6 17. Nb3 fxe4 18. Bc4+ Kh8 19. Rd2 a6 20. Qd5 b5
21. Be2 Rd8 22. Qc5 Rxd2 23. Nxd2 Qf4 24. Rd1 h6 25. Kb2 Bg8 26. Bh5 Na5 27.
Qc8 Nc4+ 28. Nxc4 bxc4 29. Rd8 Rb6+ 30. Ka2 Rb8 31. Rxg8+ Kh7 32. Rh8# {Normal}
1-0

[Event "Rated Blitz game"]
[Site "?"]
[Date "2021.06.23"]
[Round "?"]
[White "Laudi64"]
[Black "Taabling"]
[Result "0-1"]
[WhiteElo "2473"]
[BlackElo "2494"]
[PlyCount "130"]
[EventDate "2021.??.??"]
[EventType "blitz"]

1. e4 e5 2. Nf3 d5 3. c3 dxe4 4. Qa4+ Nc6 5. Nxe5 Nge7 6. Qxe4 Nxe5 7. Qxe5 Be6
8. d4 c6 9. Be2 Ng6 10. Qe3 Bd6 11. Bf3 O-O 12. O-O Re8 13. Qd3 Qd7 14. Qd1 Bf5
15. Be3 Re7 16. Nd2 Rae8 17. Nc4 Bc7 18. a4 Nf4 19. Bxf4 Bxf4 20. g3 Bc7 21.
Ne3 Bh3 22. Bg2 g6 23. Qf3 h5 24. Bxh3 Qxh3 25. Rfe1 h4 26. Ng2 hxg3 27. fxg3
a5 28. Rxe7 Rxe7 29. Re1 Rxe1+ 30. Nxe1 Qe6 31. Nd3 Bd6 32. Kf2 Qb3 33. Qe2
Qxa4 34. Kg2 Qb5 35. Qe4 a4 36. h3 Kg7 37. g4 Qg5 38. Qe2 Qd5+ 39. Kg1 b5 40.
Nf2 Qg5 41. Ne4 Qc1+ 42. Kg2 Bc7 43. Qf2 Qf4 44. Qxf4 Bxf4 45. Nc5 Kf6 46. Kf3
Bc1 47. Nd3 Bd2 48. Ke2 Bg5 49. Kd1 Ke6 50. Kc2 Kd5 51. Ne5 c5 52. Nxf7 Bf6 53.
dxc5 Kxc5 54. g5 Bg7 55. h4 Kd5 56. Nd8 Bf8 57. Kd3 Bd6 58. Nf7 Be7 59. Nh8 Ke6
60. Nxg6 Bd6 61. Nh8 Kf5 62. Kd4 b4 63. Nf7 Bf8 64. h5 a3 65. bxa3 bxa3 {
Time forfeit} 0-1

[Event "Rated Blitz game"]
[Site "?"]
[Date "2021.06.23"]
[Round "?"]
[White "AfricanJo"]
[Black "KamranShirazi"]
[Result "1-0"]
[WhiteElo "2498"]
[BlackElo "2495"]
[PlyCount "65"]
[EventDate "2021.??.??"]
[EventType "blitz"]

1. e4 e5 2. Nf3 d5 3. Nxe5 Bd6 4. d4 dxe4 5. Nc4 Be7 6. Nc3 f5 7. Bf4 Nf6 8.
Ne5 Be6 9. Bc4 Bxc4 10. Nxc4 O-O 11. O-O Nd5 12. Nxd5 Qxd5 13. Ne5 Bd6 14. c4
Qe6 15. d5 Qe8 16. Qd4 g5 17. c5 gxf4 18. cxd6 cxd6 19. Nc4 Qg6 20. f3 Nd7 21.
Rae1 b5 22. Na5 Ne5 23. fxe4 f3 24. g3 f4 25. Nc6 Nxc6 26. dxc6 fxg3 27. Qd5+
Kg7 28. Qd4+ Rf6 29. Rxf3 gxh2+ 30. Kh1 Raf8 31. Ref1 Rg8 32. Qxf6+ Kh6 33.
Rh3# {Normal} 1-0

[Event "Rated Blitz game"]
[Site "?"]
[Date "2021.06.23"]
[Round "?"]
[White "oj_ossa"]
[Black "khalid_ontawar"]
[Result "1-0"]
[WhiteElo "2490"]
[BlackElo "2470"]
[PlyCount "75"]
[EventDate "2021.??.??"]
[EventType "blitz"]

1. e4 e5 2. Nf3 d5 3. Nc3 dxe4 4. Nxe4 f5 5. Nxe5 fxe4 6. Qh5+ g6 7. Nxg6 hxg6
8. Qxh8 Ne7 9. Bc4 Qd6 10. O-O Nbc6 11. Re1 Bf5 12. d3 O-O-O 13. dxe4 Be6 14.
Bf4 Qxf4 15. Bxe6+ Kb8 16. Rad1 Re8 17. Bd7 Rd8 18. Bxc6 Nxc6 19. Rxd8+ Nxd8
20. e5 Be7 21. Qe8 Qg5 22. g3 Bc5 23. Kg2 a6 24. f4 Qe7 25. Qxe7 Bxe7 26. g4
Ne6 27. f5 Nf4+ 28. Kf3 g5 29. f6 Bc5 30. Ke4 Kc8 31. Kf5 Kd7 32. Kxg5 Nh3+ 33.
Kf5 Nf2 34. e6+ Ke8 35. Re2 b5 36. g5 Nh3 37. g6 Bd6 38. g7 {Normal} 1-0

[Event "Rated Blitz game"]
[Site "?"]
[Date "2021.06.23"]
[Round "?"]
[White "AjedrezHerMar"]
[Black "khalid_ontawar"]
[Result "0-1"]
[WhiteElo "2478"]
[BlackElo "2486"]
[PlyCount "42"]
[EventDate "2021.??.??"]
[EventType "blitz"]

1. e4 e5 2. Nf3 d5 3. exd5 e4 4. Qe2 Nf6 5. Nc3 Bf5 6. d3 Bb4 7. Bd2 Bxc3 8.
Bxc3 O-O 9. Nd4 exd3 10. cxd3 Re8 11. Nxf5 Rxe2+ 12. Bxe2 Nxd5 13. Bxg7 Qg5 14.
g4 Nc6 15. h4 Qf4 16. Bh6 Qb4+ 17. Kf1 Re8 18. Bf3 Nf4 19. Be4 Rxe4 20. dxe4
Qxe4 21. Bxf4 Qxh1+ {Normal} 0-1